000 00610pam a2200217 a 4500
001 3369027
005 20180313083106.0
008 871117s1988 nyua b 001 0 eng
010 _a 87031436
020 _a0394356187 :
_c$23.00
040 _aDLC
_cDLC
_dDLC
041 _aeng
080 _a658.85 WEN
082 0 0 _a658.85 WEN
_219
100 1 _a60
101 _aSHIT
245 1 0 _aSelling :
_cRichard F. Wendel, Walter Gorman.
504 _aIncludes bibliographies and index.
906 _a7
_bcbc
_corignew
_d1
_eocip
_f19
_gy-gencatlg
942 _2ddc
_cBK
999 _c44894
_d44894